Network protocol Handbook / Matthew Naugle. (Registro nro. 14947)

Detalles MARC
000 -LÍDER
fixed length control field 00495nam a2200157 4500
008 - ELEMENTOS DE LONGITUD FIJA -- INFORMACIÓN GENERAL
fixed length control field 0 1994 0a 000 0USA
020 ## - NÚMERO INTERNACIONAL NORMALIZADO PARA LIBROS
ISBN 0-07-046461-8
050 ## - SIGNATURA TOPOGRAFICA DE LA BIBLIOTECA DEL CONGRESO (LC)
Número de Clasificación TK5105.55 N38 1994
082 ## - NUMERO DE CLASIFICACION DECIMAL DEWEY
Número de Clasificación 001.644 04 N338n
100 ## - ASIENTO PRINCIPAL--NOMBRE PERSONAL
Nombre personal Naugle, Matthew.
245 ## - TÍTULO
Título Network protocol Handbook / Matthew Naugle.
260 ## - PUBLICACIÓN, DISTRIBUCIÓN, ETC. (PIE DE IMPRENTA)
Lugar de publicación, distribución, etc. Estados Undidos de América : McGraw Hill.
300 ## - DESCRIPCIÓN FÍSICA
Extensión 521 p. / 23cm
500 ## - NOTA GENERAL
Nota general Incluye bibliografia e índice.
650 ## - ASIENTO SECUNDARIO DE MATERIA - TERMINO TEMÁTICO
Término temático o nombre geográfico como elemento de entrada 1.REDES DE COMPUTADORAS-PROTOCOLOS.
Existencias
No. biblioteca No. biblioteca Número de clasificación Código de barras/Número de adquisición Número de copia Tipo de material
LUIS G. INCLAN LUIS G. INCLAN 001.644 04 N338n 21040 1 Libros
LUIS G. INCLAN LUIS G. INCLAN 001.644 04 N338n 21041 2 Libros
LUIS G. INCLAN LUIS G. INCLAN 001.644 04 N338n 25660 4 Libros
Calzada Tecnológico # 27, Zacatepec, Morelos.
01(734) 343-07-23 / 343-21-10 / 343-21-11
Apdo. Postal 45 C.P 62780